El sector industrial en Jujuy (Registro nro. 34654)

Detalles MARC
000 -LEADER
fixed length control field 00413 a2200133 4500
001 - CONTROL NUMBER
control field ART_45084
005 - DATE AND TIME OF LATEST TRANSACTION
control field 20260410162038.0
008 - FIXED-LENGTH DATA ELEMENTS--GENERAL INFORMATION
fixed length control field 260409a
100 1# - MAIN ENTRY--PERSONAL NAME
Personal name Carrillo, Ivone
245 10 - TITLE STATEMENT
Title El sector industrial en Jujuy
700 1# - ADDED ENTRY--PERSONAL NAME
Personal name Lóndero, María Eugenia
700 1# - ADDED ENTRY--PERSONAL NAME
Personal name Matas, Alfredo
773 0# - HOST ITEM ENTRY
Title Revista de estudios regionales y mercado de trabajo
Related parts - Nº 5 (ene./dic. 2009)
Record control number REV44894

No hay ítems disponibles.